000 00614nam a2200277Ia 4500
005 20260401122123.0
008 008 250103s9999 xx 000 0 eng d
020 _a195628675
037 _aTB
040 _aEDL
040 _beng
040 _cEDL
041 _2eng
041 _aeng
084 _aIn821.3 MEH
084 _qEDL
245 0 _aOxford Anthology of Twelve Modern Indian Poets
260 _aNew Delhi
260 _bOxford University Press
260 _c2003
300 _a182p
942 _cTB
942 _hIn821.3 MEH
999 _c1845056
_d1845056